Một số nhân vật tiêu biểu trong phong trào Đông du ở Đồng Tháp Luận văn thạc sĩ khoa học lịch sử. Chuyên ngành: Lịch sử Việt Nam. Mã số: 60.22.54

Enregistré dans:
Détails bibliographiques
Auteur principal: Hồ, Thị Nguyệt
Autres auteurs: Nguyễn, Trọng Văn (Hướng dẫn)
Format: Thèse Kit Livre
Langue:Vietnamese
Publié: Đồng Tháp Đại học Vinh 2010
Sujets:
Tags: Ajouter un tag
Pas de tags, Soyez le premier à ajouter un tag!
Thư viện lưu trữ: Trung tâm Học liệu Lê Vũ Hùng, Trường Đại học Đồng Tháp
LEADER 01278ppm a22003138a 4500
001 00031239
005 20171026081025.0
008 131011s2010 ||||||viesd
041 0 # |a vie 
082 1 4 |a 920.095 978 9  |b M458S 
100 1 # |a Hồ, Thị Nguyệt 
245 0 0 |a Một số nhân vật tiêu biểu trong phong trào Đông du ở Đồng Tháp  |b Luận văn thạc sĩ khoa học lịch sử. Chuyên ngành: Lịch sử Việt Nam. Mã số: 60.22.54  |c Hồ Thị Nguyệt; Nguyễn Trọng Văn (hướng dẫn) 
260 # # |a Đồng Tháp  |b Đại học Vinh  |c 2010 
300 # # |a 92 tr.  |c 30cm. 
500 # # |a ĐTTTS ghi: Bộ giáo dục và đào tạo. Trường Đại học Vinh 
653 # # |a Luận văn 
653 # # |a Nam kỳ 
653 # # |a Đồng Tháp 
653 # # |a phong trào Đông du 
653 # # |a khoa học lịch sử 
653 # # |a lịch sử Việt Nam 
653 # # |a nhân vật tiêu biểu 
700 1 # |a Nguyễn, Trọng Văn  |e Hướng dẫn 
852 # # |j LV.0000341 
852 # # |b Kho đọc SĐH  |j LV.0000341 
910 |d 11/10/2013 
980 # # |a Trung tâm Học liệu Lê Vũ Hùng, Trường Đại học Đồng Tháp